| 000 | 01335nam a22002777a 4500 | ||
|---|---|---|---|
| 001 | BD-DhSAU 9502 | ||
| 003 | BD-DhSAU | ||
| 005 | 20181211160100.0 | ||
| 008 | 150613b2006 bg a|||| m||| 00| 0 eng d | ||
| 040 | _aBD-DhSAU | ||
| 082 |
_222 _a630.715 _bK5273 |
||
| 100 |
_aKhan, Md Arshaduzzaman _eRegistration # 25296/00399 |
||
| 245 |
_aImpact of Grameen bank micro credit program towards uplifting the socio-economic condition of rural women beneficiaries / _bMS thesis _cMd Arshaduzzaman Khan, |
||
| 260 |
_aSher-e-Bangla Agricultural University : _bDepartment of Agricultural Extension & Information System, _c2006. |
||
| 300 |
_a96 p. : _bill. ; _c30 cm. |
||
| 500 | _aMS thesis of Department of Agricultural Extension & Information System, Faculty of Agriculture, Sher-e-Bangla Agricultural University, Dhaka, Bangladesh | ||
| 504 | _aIncludes bibliographical reference. | ||
| 590 | _aerfat | ||
| 650 | _aAgricultural Extension & Information System | ||
| 650 | _aImpact of Grameen bank micro credit program towards uplifting the | ||
| 650 | _asocio-economic condition of rural women beneficiaries | ||
| 700 |
_aUlla, Md Shadat _eSuperviser |
||
| 700 |
_a Bhyiyan, Mohammad Hossain _eCo-superviser |
||
| 856 | _u http://archive.saulibrary.edu.bd:8080/xmlui/handle/123456789/1556 | ||
| 942 |
_2ddc _cTHESIS |
||
| 999 |
_c9502 _d9502 |
||